LEADER 01215nam a2200313 a 4500 001 000000129707 003 CaOOAMICUS 005 20120717142429.0 008 120717s2010 it d u000 u ita r 020 $a978-88-244-5235-9 040 $aPUL$bita 082 04$a330 100 1 $aSquillante, Stefania.$0(OLS)http://pul/name/83046 245 10$aCompendio di politica economica /$cStefania Squillante. 250 $a3. ed. 260 $aNapoli :$bEsselibri-Simone$g2010 300 $a256 p. :$bgrafici ;$c24 cm 490 1 $aI volumi di base ;$v44/8 500 $aInclude indice. 650 4$aPolitica economica.$0(OLS)http://pul/subject/10570 830 0$aVolumi di base ;$v44/8.$0(OLS)http://pul/title/163704 850 $aPUL 852 $aPUL$W1$xDP2 Diritto e Scienze Sociali 3$y110$m330 COLL 3.44.8$j150178$qDDC 21$B148726$CPULBib$Z2$F148726 $H120283 $82 941 1 $a9 996 $6020$a978-88-244-5235-9$9(OLS)http://pul/number/150320 996 $6082$a330$9(OLS)http://pul/classification/362 996 $6245$aCompendio di politica economica$9(OLS)http://pul/title/163955 996 $6260$aNapoli :$bEsselibri-Simone$9(OLS)http://pul/publisher/67437 LEADER 01755nam a2200337 u 4500 001 000000073619 003 CaOOAMICUS 005 20070226122354.0 008 020919s2002 cv u000 u ita u 020 $a8820972654 035 $a10939718 040 $aIPA$bita 245 00$aActuosa participatio :$bconoscere, comprendere e vivere la liturgia : studi in onore del Prof. Domenico Sartore /$ca cura di Agostino Montan, Manlio Sodi. 260 $aCittą del Vaticano :$bLibreria editrice vaticana,$c2002. 300 $axxxix, 645 p. :$bant. (ritr.) ;$c24 cm 490 1 $aMonumenta studia instrumenta liturgica ;$v18 504 $a"Pubblicazioni del Prof. Domenico Sartore": p. xxxiii-xxxix. 600 14$aSartore, Domenico.$0(OLS)http://pul/subject/25804 650 4$aLiturgia.$0(OLS)http://pul/subject/2437 700 1 $aSodi, Manlio,$cS.D.B.,$d1944-$0(OLS)http://pul/name/32025 700 1 $aSartore, Domenico.$0(OLS)http://pul/name/26144 700 1 $aMontan, Agostino.$0(OLS)http://pul/name/34809 830 0$aMonumenta studia instrumenta liturgica ;$v18.$0(OLS)http://pul/title/67037 850 $aPUL 852 $aPUL$W1$xSL Religione 1$y3$m12 D 124$j95092$nBK-PRI$b $qStampati$B95092$CPULBib$Z2$F95092 $HPUL92525 $81 852 $aPUL$W1$xDP1 Fondo Bordoni$y120$m3 M 2$j167817$qFondi$B176470$CPULBib$Z2$F176470 $HBor149 $81 941 1 $a1 941 1 $a8 996 $6020$a8820972654$9(OLS)http://pul/number/95012 996 $6245$aActuosa participatio :$bconoscere, comprendere e vivere la liturgia : studi in onore del Prof. Domenico Sartore$9(OLS)http://pul/title/96711 996 $6260$aCittą del Vaticano :$bLibreria editrice vaticana$9(OLS)http://pul/publisher/47920